000
00388nam a2200145Ia 4500
008
100122s9999 xx 000 0 und d
082
_b
38393
_a
923.254
100
_a
फाटे शाहिर
245
_a
भटकंती
260
_b
किरण प्रकाशन
_c
1905
300
_a
67
630
_a
भटकंती
730
_a
भटकंती
942
_c
BOOK
999
_c
420573
_d
420570